Music Quiz

Random Music or Clip Quiz

Rock in the Fifties Quiz Stats

 Plays Quiz Updated Aug 3, 2018

Score 0/20 Timer 12:00
9 Plays Today
Time Interval Song % Correct
00:01 - 00:14(We're Gonna) Rock Around the Clock
95.1%
01:32 - 01:48Hound Dog
86.9%
01:01 - 01:19Blue Suede Shoes
84.1%
04:06 - 04:19Tequila
65.1%
00:46 - 01:00Summertime Blues
61.3%
00:15 - 00:30Rock and Roll Music
54.7%
01:20 - 01:31Susie Q
54.5%
02:34 - 02:48Whole Lotta Shakin' Goin' On
44.1%
04:50 - 05:05Earth Angel (Will You Be Mine)
39.1%
03:48 - 04:05Sea of Love
32.3%
Time Interval Song % Correct
01:49 - 02:02What'd I Say
30.7%
00:31 - 00:45Not Fade Away
29.6%
04:20 - 04:35Since I Don't Have You
23%
03:03 - 03:21Shake, Rattle & Roll
22.7%
03:35 - 03:47Stagger Lee
22.1%
02:03 - 02:17Be-Bop-A-Lula
20.6%
02:49 - 03:03Sleep Walk
18.5%
02:18 - 02:33Rumble
16%
03:21 - 03:34Dizzy Miss Lizzie
15.1%
04:36 - 04:49Jenny, Jenny
14.9%

You're not logged in!

Compare scores with friends on all Sporcle quizzes.
OR
Log In

Show Comments

Extras

Top Quizzes Today


Score Distribution

Your Account Isn't Verified!

In order to create a playlist on Sporcle, you need to verify the email address you used during registration. Go to your Sporcle Settings to finish the process.

Report this User

Report this user for behavior that violates our Community Guidelines.

Details: